00563 2200205 4500001002100000005001700021008004100038020001800079035002400097082001000121090002200131100002400153245006800177250001100245260003100256300002500287504001700312650000800329999002000337YOGYA-0311000000025920110317133237.0 ind  a979-672-652-1 0010-031100000000259 a633.7 a633.7bSet TlDEP aSETYAMIJAYA, Juhana aTehbbudidaya dan pengolahan pasca panencDjoehana Setyamidjaja aCet. 1 aYogyakartabKanisiusc2000 a154 hlmbilusc21 cm ahlm. 153-154 aTeh aCB-D.11 2000-17